000 02024ncm0a22003851 4500
001 RU\NLR\ONIZ\221444
005 20250626085510.0
013 _a979-0-706423-04-3
021 _aRU
_b14-397н
_914-23н
035 _aRU\NLR\ONIZ\Таня\5000006162\20171108114516
035 _a(NLR Aleph) 011536934
090 _a12175046
_c12175046
100 _a20171108d2014 |||y0rusy50 ca
101 0 _arus
102 _aRU
125 _azx
145 0 _aa
200 1 _aПо следам чусовских сплавов
_bНоты
_eрус. нар. песни чусовских селений
_fС. И. Пушкина
210 _aМосква
_cКомпозитор
_d2014
215 _a82 с.
_cил.
_d29 см
300 _aНа с. 1 обл.: картина урал. худож. Е. Мешкова
300 _aПредисл.: с. 3-6
313 _aСистематизация документа проведена по изданию - Методика классифицирования музыкальных произведений (нотных изданий) по таблицам Библиотечно-библиографических классификаций : метод. рекомендации / Гос. б-ка СССР им. В.И. Ленина.- М., 1977. Индексу ББК методических рекомендаций присваивается код ББК для научных библиотек - LBC/SL
606 1 _aРусские народные песни без сопровождения
_yРоссия
_jНоты
_2nlr_sh
686 _aЩ92(2Р=Рус)-49я43
_vLBC/SL
_2rubbk
700 1 _9z01790
_aПушкина
_bС. И.
_gСветлана Ивановна
_4070
790 1 _9z01700
_aPushkina
_bS. I.
_gSvetlana Ivanovna
_4070
801 0 _aRU
_bNLR
_c20171108
_gPSBO
801 1 _aRU
_bNLR
_c20171108
_2rusmarc
801 2 _aRU
_bNLR
_c20171108
852 _aNLR
_bМ
_jК-3/29023
_pМОЭ 2014-23н/397н
_t1
942 _cSCORE
980 _aNB
980 _aONIZ